Πόλεις της Πελοποννήσου - Ξαφνικός Θάνατος - Statistics

General Stats
  • This quiz has been taken 37 times
  • The average score is 11 of 19
Answers on the Grid
Answers color-coded by a green-red scale on the quiz's grid according to % correct below.
Αγρίνιο
Αίγιο
Αμύνταιο
Αντίρριο
Άργος
Αργοστόλι
Αρεόπολη
Άρτα
Γλυφάδα
Γύθειο
Επίδαυρος
Θήβα
Καβάλα
Καλάβρυτα
Καλαμάτα
Κομοτηνή
Κόρινθος
Λαμία
Λιβαδειά
Μονεμβασιά
Μυκήνες
Μυστράς
Ναύπακτος
Ναύπλιο
Νέα Μουδανιά
Νεμέα
Πάτρα
Πρέβεζα
Πύργος
Ρίο
Σούνιο
Σπάρτη
Τρίπολη
Τύρναβος
Φιλιατρά
Χαλκίδα
 
Answer Stats
Answer % Correct
Γύθειο
79%
Ναύπλιο
74%
Κόρινθος
68%
Μυστράς
68%
Πάτρα
68%
Καλάβρυτα
63%
Καλαμάτα
63%
Πύργος
63%
Τρίπολη
63%
Άργος
58%
Σπάρτη
58%
Αίγιο
53%
Επίδαυρος
53%
Μυκήνες
53%
Ρίο
53%
Αρεόπολη
47%
Μονεμβασιά
47%
Νεμέα
47%
Φιλιατρά
47%
No matching quizzes found
Score Distribution
Percent of People with Each Score
Percentile by Number Answered
Your Score History
You have not taken this quiz